Analytical graphics
| Main Author: | |
|---|---|
| Format: | Section = Libro |
| Language: | Undetermined Spanish |
| Published: |
Nueva Jersey
Van Nostrand Reinhold
1968
|
| Subjects: |
| LEADER | 00459nam a2200181Ia 4500 | ||
|---|---|---|---|
| 008 | 240829s9999 xx 000 0 und d | ||
| 040 | |a BIBLIOTECA-RUSB/ 604.2 D587 | ||
| 041 | |a spa | ||
| 082 | |a 604.2 D587 | ||
| 100 | 1 | |a Dinsmore, George A | |
| 245 | 1 | 0 | |a Analytical graphics |
| 260 | |a Nueva Jersey |b Van Nostrand Reinhold |c 1968 | ||
| 300 | |a 411 p. :il. | ||
| 650 | 7 | |a DIBUJO TECNICO | |
| 650 | 7 | |b INGENIERIA CIVIL | |
| 942 | |c BK |2 ddc | ||
| 991 | |a TEXTO | ||
| 999 | |c 2627 | ||